| 000 | 00541nam a2200205Ia 4500 | ||
|---|---|---|---|
| 005 | 20250505145738.0 | ||
| 008 | 008 250505s9999 xx 000 0 eng d | ||
| 037 | _aTextbook | ||
| 040 |
_aFML _bhin _cFML |
||
| 041 |
_ahin _2hin |
||
| 084 |
_aNRV1.44 R2 _qFML |
||
| 100 |
_aMishra, Lalmani _9420977 |
||
| 245 | 0 | _aBhartiya Sangeet Vaadya | |
| 260 |
_aNew Delhi _bVani Publications _c2022 |
||
| 300 | _a420p | ||
| 365 |
_aINR _b725 |
||
| 650 | _aMusic | ||
| 942 |
_cTB _hNRV1.44 R2 |
||
| 999 |
_c1311732 _d1311732 |
||